Aube - mort subite - Statistiques

Statistiques générales
  • Ce quiz a été pris 23 fois
  • Le résultat moyen est 9 sur 18
Answers on the Grid
Answers color-coded by a green-red scale on the quiz's grid according to % correct below.
La Seine
Un aéroport international
Gand
Lille
Bar-sur-Aube
Troyes
La Champagne
Le lieu de naissance du pape Urbain IV
Calais
Une centrale nucléaire
Bois-le-Duc
Le Cap
Romilly-sur-Seine
Ambon
Lhuître
Versailles
Saint-André-les-Vergers
Cuenca
Les Arlésiens
Brégence
Chaource
Arcis-sur-Aube
Bar-sur-Seine
La Chapelle-Saint-Luc
Petare
Commercy
Auxon
Noé-les-Mallets
Ica
Montigny-sur-Aube
Veuxhaulles-sur-Aube
Chef-Boutonne
Nogent-sur-Seine
Sainte-Savine
Avant-lès-Ramerupt
Latrecey-Ormoy-sur-Aube
 
Statistiques - réponses
Réponse % Correct
Troyes
95%
La Seine
80%
Bar-sur-Aube
75%
Arcis-sur-Aube
65%
La Champagne
60%
Nogent Une centrale nucléaire
60%
Romilly-sur-Seine
55%
Bar-sur-Seine
50%
Chaource
50%
La Chapelle-Saint-Luc
50%
1195, Troyes Le lieu de naissance du pape Urbain IV
45%
Nogent-sur-Seine
45%
Saint-André-les-Vergers
45%
Sainte-Savine
35%
Auxon
15%
Noé-les-Mallets
15%
Avant-lès-Ramerupt
10%
Lhuître
0%
Aucun quiz correspondant
Distribution des résultats
% des personnes avec chaque résultat
Percentile par nombre de réponses
Votre historique - résultats
Vous n’avez pas pris ce quiz